|
|
|
|
| LEADER |
02639cam a2200697 i 4500 |
| 001 |
nkc20243592170 |
| 003 |
CZ PrNK |
| 005 |
20260123090114.0 |
| 007 |
ta |
| 008 |
240215s2023 xr e 001 0bcze d |
| 015 |
|
|
|a cnb003592170
|
| 020 |
|
|
|a 978-80-7511-759-5
|q (vázáno)
|
| 035 |
|
|
|a (OCoLC)1445420754
|
| 040 |
|
|
|a CBA001
|b cze
|d OLA001
|e rda
|
| 041 |
1 |
|
|a cze
|h eng
|
| 043 |
|
|
|a n-us---
|a n-cn---
|
| 045 |
|
|
|a x-y-
|
| 072 |
|
7 |
|a 78.07
|x Hudebníci, skladatelé a jiná hudební povolání
|2 Konspekt
|9 9
|
| 072 |
|
7 |
|a 929
|x Biografie
|2 Konspekt
|9 8
|
| 080 |
|
|
|a 78.071.1/.2
|2 MRF
|
| 080 |
|
|
|a 78-027.22
|2 MRF
|
| 080 |
|
|
|a 784.3/.7
|2 MRF
|
| 080 |
|
|
|a 929
|2 MRF
|
| 080 |
|
|
|a (71)
|2 MRF
|
| 080 |
|
|
|a (73)
|2 MRF
|
| 080 |
|
|
|a (0:82-96)
|2 MRF
|
| 080 |
|
|
|a (092)
|2 MRF
|
| 100 |
1 |
|
|a Light, Alan,
|d 1966-
|7 hka20241217262
|4 aut
|
| 240 |
1 |
0 |
|a Holy or the broken.
|l Česky
|
| 245 |
1 |
0 |
|a Svaté nebo zničené :
|b Leonard Cohen, Jeff Buckley a neočekávaný vzestup Hallelujah /
|c Alan Light ; z amerického originálu The holy or the broken ... přeložil Milan Janeček
|
| 250 |
|
|
|a Vydání první
|
| 264 |
|
1 |
|a Praha :
|b Volvox Globator,
|c 2023
|
| 300 |
|
|
|a 207 stran ;
|c 22 cm
|
| 336 |
|
|
|a text
|b txt
|2 rdacontent
|
| 337 |
|
|
|a bez média
|b n
|2 rdamedia
|
| 338 |
|
|
|a svazek
|b nc
|2 rdacarrier
|
| 490 |
1 |
|
|a Evokace ;
|v 73. svazek
|
| 504 |
|
|
|a Obsahuje bibliografii a rejstřík
|
| 600 |
1 |
7 |
|a Cohen, Leonard,
|d 1934-2016
|7 jn19990001439
|2 czenas
|
| 600 |
1 |
7 |
|a Cohen, Leonard,
|d 1934-2016.
|t Hallelujah
|7 aun2013751862
|2 czenas
|
| 600 |
1 |
7 |
|a Buckley, Jeff,
|d 1966-1997
|7 js20060205003
|2 czenas
|
| 648 |
|
7 |
|a 20.-21. století
|7 ch462155
|2 czenas
|
| 650 |
0 |
7 |
|a hudebníci
|7 ph117204
|z Kanada
|y 20.-21. století
|2 czenas
|
| 650 |
0 |
7 |
|a hudebníci
|7 ph117204
|z Spojené státy americké
|y 20. století
|2 czenas
|
| 650 |
0 |
7 |
|a hudební život
|7 ph135177
|y 20.-21. století
|2 czenas
|
| 650 |
0 |
7 |
|a písně
|7 ph115979
|y 20.-21. století
|2 czenas
|
| 650 |
0 |
9 |
|a musicians
|z Canada
|y 20th-21st centuries
|2 eczenas
|
| 650 |
0 |
9 |
|a musicians
|z United States
|y 20th century
|2 eczenas
|
| 650 |
0 |
9 |
|a musical life
|y 20th-21st centuries
|2 eczenas
|
| 650 |
0 |
9 |
|a songs
|y 20th-21st centuries
|2 eczenas
|
| 655 |
|
7 |
|a literatura faktu
|7 fd132773
|2 czenas
|
| 655 |
|
7 |
|a biografie
|7 fd131909
|2 czenas
|
| 655 |
|
9 |
|a non-fiction
|2 eczenas
|
| 655 |
|
9 |
|a biography
|2 eczenas
|
| 700 |
1 |
|
|a Janeček, Milan,
|d 1977-
|7 jo20201061687
|4 trl
|
| 830 |
|
0 |
|a Evokace
|0 s
|
| 910 |
2 |
|
|a BOA001
|b 2-1524.789
|
| 920 |
|
|
|a 1291797
|z CBA001
|
| 990 |
|
|
|a BK
|
| 995 |
|
|
|a 01
|
| 996 |
6 |
|
|b 2610970864
|c 2-1524.789
|l MZK
|r Sklad / do 1 hodiny
|n 1
|p p.v.
|w 001966043
|u 000010
|a 1
|e BOA001
|j MZK50
|s P
|